Statistics for NFL Team Logo Quiz

Click here to take the quiz!

General Stats

  • This quiz has been taken 207 times
    (83 since last reset)
  • The average score is 28 of 32

Answer Stats

Answer% Correct
Buffalo Bills
93%
Carolina Panthers
93%
Arizona Cardinals
92%
Detroit Lions
92%
Green Bay Packers
92%
Minnesota Vikings
91%
New York Giants
91%
Baltimore Ravens
89%
Miami Dolphins
89%
Atlanta Falcons
88%
New England Patriots
88%
Philadelphia Eagles
88%
Cleveland Browns
87%
Dallas Cowboys
87%
Kansas City Chiefs
87%
Chicago Bears
86%
Cincinnati Bengals
86%
Denver Broncos
86%
Houston Texans
86%
Jacksonville Jaguars
86%
Las Vegas Raiders
84%
Los Angeles Chargers
84%
Pittsburgh Steelers
84%
Los Angeles Rams
83%
Seattle Seahawks
83%
Tennessee Titans
83%
New Orleans Saints
82%
Tampa Bay Buccaneers
82%
Indianapolis Colts
80%
San Francisco 49ers
80%
New York Jets
79%
Washington Commanders
79%

Score Distribution

Percentile by Number Answered

Percent of People with Each Score

Your Score History

You have not taken this quiz since the last reset